000 00458nam a22001697a 4500
003 NUST - PNEC
005 20170116180828.0
008 150728b xxu||||| |||| 00| 0 eng d
020 _a-
040 _cLIBRARY
082 _a516.24 AYR
100 _94467
_aAyres Jr Frank
245 _aSchaum s outline of theory and problems of plane and spherical trigonometry
_cFrank ayres jr
260 _cc1954.
650 _94470
_aMathmatics
_xME
942 _2ddc
_cBK
999 _c63942
_d63942